000 00312nam a22001337a 4500
020 _qHB.
040 _cFIZZA ISHAQ
082 _a519.4
_bROB
100 _aSEDGEWICK,ROBERT.
_956482
245 _aALGORITHMS /
_cROBERT SEDGEWICK.
260 _aLONDON ;
_bPEARSON,
_c2011.
300 _a955 P. ;
942 _2ddc
_cBK
999 _c589208
_d589208